logo

Bir Sreshtho Munshi Abdur Rouf Library
Jhenaidah Cadet College

English Language Course for Colleges / (Record no. 14045)

MARC details
000 -LEADER
fixed length control field 00763nam a22002651 4500
001 - CONTROL NUMBER
JCCL Control Number 14045
003 - CONTROL NUMBER IDENTIFIER
JCCL marc code BD-JhCC
005 - DATE AND TIME OF LATEST TRANSACTION
control field 20240525171621.0
008 - FIXED-LENGTH DATA ELEMENTS--GENERAL INFORMATION
fixed length control field 710519s19711973ii a 000 0 eng
035 ## - SYSTEM CONTROL NUMBER
system control number (BD-JhCC)14045
040 ## - CATALOGING SOURCE
Modifying agency BD-JhCC
Original cataloging agency BD-JhCC
041 ## - LANGUAGE CODE
Language code of Book eng
050 00 - LIBRARY OF CONGRESS CALL NUMBER
Item number .
082 00 - DEWEY DECIMAL CLASSIFICATION NUMBER
Classification number 428
Author mark and Year HIL 1973
100 1# - MAIN ENTRY--PERSONAL NAME
Personal name Hill, L. A.
245 10 - TITLE STATEMENT
Title English Language Course for Colleges /
Statement of responsibility, etc L. A. Hill, C. J. Daswani, T. C. Daswani, T. C. Sood
260 ## - PUBLICATION, DISTRIBUTION, ETC. (IMPRINT)
Place of publication, distribution, etc Dhelhi:
Name of publisher, distributor, etc Oxford University Press;
Date of publication, distribution, etc 1973.
300 ## - PHYSICAL DESCRIPTION
Pagination 276 p.
Dimensions 19 cm.
650 #0 - SUBJECT ADDED ENTRY--TOPICAL TERM
Topical term or geographic name as entry element English language
General subdivision Composition and exercises.
650 #0 - SUBJECT ADDED ENTRY--TOPICAL TERM
Topical term or geographic name as entry element English language
General subdivision Self-instruction.
700 ## - ADDED ENTRY--PERSONAL NAME
Personal name Daswan,C. J.
700 ## - ADDED ENTRY--PERSONAL NAME
Personal name . Daswani, T. C
700 ## - ADDED ENTRY--PERSONAL NAME
Personal name Sood, T. C.
942 ## - ADDED ENTRY ELEMENTS (KOHA)
Source of classification or shelving scheme Dewey Decimal Classification
Koha item type Books
Holdings
Source of classification or shelving scheme Damaged status Not for loan Home library Current library Shelving location Date of accession Cost, normal purchase price Total Checkouts Full call number Barcode Date last seen Copy number Method of acquisition Koha item type Currency
Dewey Decimal Classification     JCC Rouf Library JCC Rouf Library General Stacks   5.00   428 HIL 1973 11474 05/25/2024 C-1 Purchase Books BDT

JCC Library | Contacts | JCC Home

Last Update on 23 September 2017
Copyright @ 2017-2020 JCC Rouf Library
Rouf Library, Jhenidah Cadet College (JCC), Bangladesh